书目信息 |
| 题名: |
文化·交融
|
|
| 作者: | 江波 , 陶雄军 主编 | |
| 分册: | 2016第二届中国——东盟建筑空间设计教育高峰论坛暨教学成果大赛获奖作品集 | |
| 出版信息: | 北京 中国建筑工业出版社 2016.10 |
|
| 页数: | 187页 | |
| 开本: | 26cm | |
| 丛书名: | ||
| 单 册: | ||
| 中图分类: | TU2-53 | |
| 科图分类: | ||
| 主题词: | 建筑设计--文集 | |
| 电子资源: | ||
| ISBN: | 978-7-112-19857-3 | |
| 000 | 01251nam0 2200253 450 | |
| 001 | 0100005088 | |
| 005 | 20190307160004.04 | |
| 010 | @a978-7-112-19857-3@dCNY118.00 | |
| 100 | @a20161020d2016 em y0chiy50 ea | |
| 101 | 0 | @achi |
| 102 | @aCN@b110000 | |
| 105 | @aa z 000yy | |
| 200 | 1 | @a文化·交融@Awen hua · jiao rong@i2016第二届中国——东盟建筑空间设计教育高峰论坛暨教学成果大赛获奖作品集@dCulture & fusjon@i2016 the second China-Asean architectural space design and education summit forum & teaching achievement contest the winning works@f江波,陶雄军主编@zeng |
| 210 | @a北京@c中国建筑工业出版社@d2016.10 | |
| 215 | @a187页@d26cm | |
| 330 | @a本书共分为环境艺术类;室内设计类;展示设计类;景观设计类;建筑设计类五部分,其内容包括:中国美术学院《区域规划改造——复苏创意园》;广西艺术学院《邕城老友——陈东村群众活动中心设计》等。 | |
| 333 | @a建筑设计研究人员 | |
| 510 | 1 | @aCulture & fusjon@i2016 the second China-Asean architectural space design and education summit forum & teaching achievement contest the winning works@zeng |
| 606 | 0 | @a建筑设计@j文集 |
| 690 | @aTU2-53@v5 | |
| 701 | 0 | @a江波@Ajiang bo@4主编 |
| 701 | 0 | @a陶雄军@Atao xiong jun@4主编 |
| 801 | 0 | @aCN@c201701015 |
| 905 | @a河南城建学院图书馆@dTU2-53@eJ356-2 | |
| 文化·交融.2016第二届中国——东盟建筑空间设计教育高峰论坛暨教学成果大赛获奖作品集=Culture & fusjon.2016 the second China-Asean architectural space design and education summit forum & teaching achievement contest the winning works/江波,陶雄军主编.-北京:中国建筑工业出版社,2016.10 |
| 187页;26cm |
| 使用对象:建筑设计研究人员 |
| ISBN 978-7-112-19857-3:CNY118.00 |
| 本书共分为环境艺术类;室内设计类;展示设计类;景观设计类;建筑设计类五部分,其内容包括:中国美术学院《区域规划改造——复苏创意园》;广西艺术学院《邕城老友——陈东村群众活动中心设计》等。 |
| ● |
| 相关链接 |
|
|
|
正题名:文化·交融
索取号:TU2-53/J356-2
 
预约/预借
| 序号 | 登录号 | 条形码 | 馆藏地/架位号 | 状态 | 备注 |
| 1 | 1306104 | 213061041 | 建筑库101/101建筑库 31排4列5层/ [索取号:TU2-53/J356-2] | 在馆 | |
| 2 | 1361106 | 213611064 | 建筑库101/101建筑库 31排4列5层/ [索取号:TU2-53/J356-2] | 在馆 |